000 01142nam2a22002411 4500
001 v19\rc\2030161
005 20250620011643.0
035 _a(NLR Aleph) 005110145
090 _a7484504
_c7484504
100 _a20080925d1916 |||y0rusy50 ca
101 0 _arus
102 _aRU
105 _aa z |||||
200 0 _a... на 1-е июля 1916 г.
210 _d[1916]
_aБ. м.
215 _a1 л. табл.
461 0 _1001v19\rc\2030159
_12001#$aОтчет о деятельности Харьковской типографской больничной кассы...$fХарьк. типогр. больнич. касса$v... на 1-е июля 1916 г.
_97484485
_aХарьковская типографская больничная касса
_cХарьков
_d1916
_fХарьк. типогр. больнич. касса
_tОтчет о деятельности Харьковской типографской больничной кассы...
_v... на 1-е июля 1916 г.
801 0 _aRU
_bNLR
_gpsbo
801 0 _aRU
_bRuMoRGB
_2psbo
801 1 _aRU
_bProSoft-M
_2rusmarc
852 _aNLR
_j17.140.3.71(2)
942 _cBOOK
980 _aNB